| 000 | 01479cam a2200397 a 4500 | ||
|---|---|---|---|
| 001 | 16503565 | ||
| 003 | EG-ScBUE | ||
| 005 | 20220323102757.0 | ||
| 008 | 100816s2011 enk f b 000 d eng d | ||
| 020 | _a0195388801 | ||
| 020 | _a9780195388794 (acidfree paper) | ||
| 020 | _a9780195388800 (pbk. : acidfree paper) | ||
| 040 |
_aDLC _beng _erda _cDLC _dDLC _dEG-ScBUE |
||
| 082 | 0 | 4 |
_a882.01 _222 _bSOP |
| 100 | 0 |
_aSophocles, _eauthor. _930368 |
|
| 240 | 1 | 0 |
_aSelections. _lEnglish. _f2010 |
| 245 | 1 | 4 |
_aThe complete Sophocles / _cedited by Peter Burian and Alan Shapiro. |
| 264 | 1 |
_aOxford ; _aNew York : _bOxford University Press, _c2011. |
|
| 300 |
_a1 volume ; _c21 cm. |
||
| 336 |
_2rdacontent _atext _btxt |
||
| 337 |
_2rdamedia _aunmediated _bn |
||
| 338 |
_2rdacarrier _avolume _bnc |
||
| 490 | 0 | _aGreek tragedy in new translations | |
| 490 | 0 |
_aThe complete Sophocles _vv. 1 |
|
| 504 | _aIncludes bibliographical references. | ||
| 505 | 0 | _aVolume 1. The Theban Plays. | |
| 600 | 0 | 7 |
_aSophocles _vTranslations into English. _2BUEsh _930371 |
| 650 | 7 |
_aMythology, Greek _vDrama. _930372 _2BUEsh |
|
| 651 | _2BUEsh | ||
| 653 |
_cJuly2012 _bHHUUEENN |
||
| 655 |
_vReading book _934232 |
||
| 700 | 1 |
_aBurian, Peter, _d1943- _eeditor. _930373 |
|
| 700 | 1 |
_aShapiro, Alan, _d1952- _eeditor. _930374 |
|
| 942 |
_2ddc _cBB |
||
| 999 |
_c16823 _d16823 |
||